Stanovenie závislosti elektro motorickej sily na teplote v termoelektrických snímačoch teploty z ušľachtilých kovov
Saved in:
| Main Author: | |
|---|---|
| Other Authors: | |
| Format: | Manuscript Book |
| Language: | Slovak |
| Published: |
2015
|
| Subjects: | |
| Online Access: | http://is.stuba.sk/zp/portal_zp.pl?podrobnosti=113290 |
| Tags: |
No Tags, Be the first to tag this record!
|
MARC
| LEADER | 00000ntm a22000003a 4500 | ||
|---|---|---|---|
| 001 | stuzp53061 | ||
| 003 | SK-STU | ||
| 005 | 20160719154351.8 | ||
| 007 | ta | ||
| 008 | 150427s2015----xo-----f-mn---000-0-slo-d | ||
| 040 | |a STU |b slo | ||
| 041 | 0 | |a slo | |
| 100 | 1 | |a Vašek, Pavol |u 020020 |4 aut |U SjF Strojnícka fakulta |T SjF Ústav automatizácie, merania a aplikovanej informatiky |X 42028 |U J0020 |Y 802 |7 42028 | |
| 242 | 0 | 1 | |a Determination of dependance of electromotive force on temperature for thermoelectric temperature sensors made of noble metals |y eng |
| 245 | 1 | 0 | |a Stanovenie závislosti elektro motorickej sily na teplote v termoelektrických snímačoch teploty z ušľachtilých kovov |
| 260 | |c 2015 | ||
| 650 | 4 | |a kalibrácia |2 slo | |
| 650 | 4 | |a termoelektricita |2 slo | |
| 650 | 4 | |a elektromotorická sila |2 slo | |
| 650 | 4 | |a Termočlánok |2 slo | |
| 650 | 4 | |a homogenita |2 slo | |
| 650 | 4 | |a Thermocouple |2 eng | |
| 650 | 4 | |a calibration |2 eng | |
| 650 | 4 | |a thermoelectricity |2 eng | |
| 650 | 4 | |a homogenity |2 eng | |
| 650 | 4 | |a electromotive force |2 eng | |
| 700 | 1 | |a Pavlásek, Peter |4 ths |X 51210 |7 A000051210 | |
| 856 | 4 | |u http://is.stuba.sk/zp/portal_zp.pl?podrobnosti=113290 | |
| 996 | |b 284J043770 |c J* 2060/BP |l JJSK |s A |a 24 |w stuzp53061_0001 | ||
| SQL | |a stuzp53061 |b DBP |c SLO |d Stanovenie závislosti elektro motorickej sily na teplote v termoelektrických snímačoch teploty z ušľachtilých kovov |e 42028 |f Vašek, Pavol |g 020020 |h 51210 |i Pavlásek, Peter |j 20150615 |k 646 |l 02 |m http://is.stuba.sk/zp/portal_zp.pl?podrobnosti=113290 |n B-AISP |o 5.2.14. automatizácia | ||